书目信息 |
| 题名: |
国外万用电表电路集
|
|
| 作者: | ;上海电工仪器仪表修配厂 编 | |
| 分册: | ||
| 出版信息: | 北京 机械工业出版社 1976 |
|
| 页数: | 628页 | |
| 开本: | 20cm | |
| 丛书名: | ||
| 单 册: | ||
| 中图分类: | TM938.1 | |
| 科图分类: | ||
| 主题词: | 复用电表--结构 | |
| 电子资源: | ||
| ISBN: | ||
| 000 | 00647nam0 2200217 45 | |
| 001 | 0176000973 | |
| 005 | 20061122112332.40 | |
| 010 | @dCNY2.10 | |
| 100 | @a19951011d1976 em y0chiy0121 ea | |
| 101 | 0 | @achi |
| 102 | @aCN@b110000 | |
| 105 | @ay z 000yy | |
| 200 | 10 | @a国外万用电表电路集@Aguo wai wan yong dian biao dian lu ji@f上海电工仪器仪表修配厂编 |
| 210 | @a北京@c机械工业出版社@d1976 | |
| 215 | @a628页@d20cm | |
| 606 | @a复用电表@x结构 | |
| 690 | @aTM938.1@v3 | |
| 711 | 02 | @a上海电工仪器仪表修配厂@Ashang hai dian gong yi qi yi biao xiu pei chang@4编 |
| 801 | 2 | @aCN@bNLC@c20061122 |
| 801 | 0 | @aCN@bTSSF |
| 905 | @a10447@dTM938.1@e2 | |
| 国外万用电表电路集/上海电工仪器仪表修配厂编.-北京:机械工业出版社,1976 |
| 628页;20cm |
| ISBN :CNY2.10 |
| ● |
| 相关链接 |
|
|
|
|
正题名:国外万用电表电路集
索取号:TM938.1/2
 
预约/预借
| 序号 | 登录号 | 条形码 | 馆藏地/架位号 | 状态 | 备注 |
| 1 | 0016404 | 000559979 | 第二样本阅览室/ [索取号:TM938.1/2] | 在馆 |